000 00943nam a22002652 4500
001 0000005202
005 20151217151955.0
008 070608s xx 000 0 eng d
020 _a0471345970 :
_cKES 300 (don.)
040 _aKABU
_cKABU
050 0 _aTK5105.73
_b.L67 1999
100 1 _aLoshin, Pete.
_@0000156362
245 1 0 _aEssential email standards :
_bRFCs and protocols made practical /
_cPete Loshin.
260 _aNew York :
_bJohn Wiley & Sons,
_c339.
300 _axxii, 339 p.
500 _aIncludes CD.
650 0 _aElectronic mail systems
_xStandards.
_@0000156363
650 0 _aInternet (Computer network)
_xStandards.
_@0000156364
650 0 _aComputer network protocols.
_@0000147963
908 _a070608
950 _@1
999 _c6907
_d6907